000 00715nam a22002537a 4500
003 UA-OsUOA
001 24698
007 ta
008 20040226b un ||||| |||| 00| 0 ukr d
090 _a340.12(091)
_bО-82
942 _cBK
040 _aUA-OsUOA
_brus
_cUA-OsUOA
_dUA-OsUOA
245 _aОтечественное законодательство XI-XX веков
_bПособие для семинаров
_cРед. О.И.Чистяков
_nXI-XIX века
300 _a464 с.
955 _a0
041 _arus
080 _a340.12(091)
020 _a5-7975-0146-5
260 _aМосква
_bЮристъ
_c2000
246 3 1 _aЧасть І
_n
044 _aRU
650 7 _2UDC
999 _c310979
_d310979